Statistics for Bordering Countries by each Flag Quiz #2

Click here to take the quiz!

General Stats

  • This quiz has been taken 109 times
  • The average score is 15 of 16

Answer Stats

Answer% Correct
Saudi Arabia
100%
Spain
100%
China
99%
United States
98%
Colombia
97%
Finland
96%
Iran
96%
Croatia
94%
Czech Republic
93%
Nigeria
93%
Nicaragua
89%
Mongolia
88%
Uganda
88%
Paraguay
87%
Liberia
84%
Senegal
84%

Score Distribution

Percentile by Number Answered

Percent of People with Each Score

Your Score History

You have not taken this quiz